banner koha

Desenvolvimento inicial e nutrição da copaiba (Copaifera langsdorffii Desf.)em áreas de cerrado degradado (Registro n. 297227)

MARC details
000 -LÍDER
campo de controle de tamanho fixo 01013nac a22003017a 4500
001 - NÚMERO DE CONTROLE
campo de controle BR2010002501
003 - IDENTIFICADOR DO NÚMERO DE CONTROLE
campo de controle BR-BrBNA
005 - DATA E HORÁRIO DA ÚLTIMA TRANSAÇÃO
campo de controle 20240105123836.0
008 - CAMPO DE DADOS FIXOS--INFORMAÇÃO GERAL
campo de controle de tamanho fixo 230509b bl.|||m| |||| 00| 0 por d
040 ## - FONTE DA CATALOGAÇÃO
Instituição da catalogação original BR-BrBNA
Idioma da catalogação por
Instituição que transcreveu o registro Biblioteca Nacional de Agricultura
072 ## - CÓDIGO DE CATEGORIA DE ASSUNTO
Código de Categoria de Assunto F62; F61
090 ## - NÚMERO DE CHAMADA LOCAL
Número de chamada 2590 BR2010002501
100 1# - ENTRADA PRINCIPAL--NOME PESSOAL
Nome pessoal Duboc, E.
100 1# - ENTRADA PRINCIPAL--NOME PESSOAL
Nome pessoal Guerrini, I.A.
110 1# - ENTRADA PRINCIPAL--NOME CORPORATIVO
Nome corporativo ou nome da jurisdição EMBRAPA Cerrados, Planaltina, DF (Brasil)
245 1# - TÍTULO
Título Desenvolvimento inicial e nutrição da copaiba (Copaifera langsdorffii Desf.)em áreas de cerrado degradado
260 3# - PUBLICAÇÃO, DISTRIBUIÇÃO, ETC.
Local de publicação, distribuição, etc. Planaltina, DF (Brasil):
Data da publicação, distribuição, etc. 2009.
300 ## - DESCRIÇÃO FÍSICA
Extensão 28 p.
490 ## - TÍTULO DA SÉRIE
Título da série Boletim de Pesquisa e Desenvolvimento - EMBRAPA Cerrados (Brazil)
Número do volume ou designação sequencial da série no. 245
ISSN - International Standard Serial Number ISSN 1676-918X
500 ## - NOTA GERAL
Nota geral Summaries (En, Pt); 46 ref.; 9 tables
650 ## - ASSUNTO--TERMO TÓPICO
Cabeçalho tópico ou nome geográfico COPAÍBA
650 ## - ASSUNTO--TERMO TÓPICO
Cabeçalho tópico ou nome geográfico COPAIFERA LANGSDORFFII
650 ## - ASSUNTO--TERMO TÓPICO
Cabeçalho tópico ou nome geográfico CRESCIMENTO
650 ## - ASSUNTO--TERMO TÓPICO
Cabeçalho tópico ou nome geográfico NUTRIÇÃO VEGETAL
650 ## - ASSUNTO--TERMO TÓPICO
Cabeçalho tópico ou nome geográfico CERRADO
909 ## -
-- 202312
-- Lúcia Elande
-- 55
-- Lúcia Elande
942 ## - ELEMENTOS DE ENTRADA ADICIONADOS (KOHA)
Fonte da classificação ou esquema de arquivamento na estante Classificação AGRIS
Ocultar no OPAC Não
Tipo de material Koha Monografia Seriada
Exemplares
Situação do descarte Fonte da classificação ou esquema de arquivamento na estante Situação física Não pode ser emprestado Coleção Biblioteca de origem Biblioteca atual Localização na estante Total de empréstimos Número de telefone completo Código de barras Data de último acesso Tipo de material Koha Fonte de aquisição
  Classificação AGRIS       Biblioteca Nacional de Agricultura - Binagri Biblioteca Nacional de Agricultura - Binagri Agrobase - Acervo Geral   2590 BR2010002501 2590 BR2010002501 18/12/2023 Monografia Seriada Portaria Interministerial nº 164/94

BINAGRI

Telefone: (61)3218-2567/2388/3357/2097 - binagri@agro.gov.br

Ministério da Agricultura e Pecuária , Esplanada dos Ministérios, Bloco D, Anexo B, Brasília/DF, CEP: 70.043-900